000 00383nam a22001697a 4500
005 20160620095303.0
008 160620b xxu||||| |||| 00| 0 eng d
020 _a978-0-07-125930-9
041 _aeng
082 _b8357
100 _aLuthaus, Fred
_9416
245 _aOrganisational behaviour
260 _bTMH
_c2008
300 _a477
650 _aManagement
_9241
942 _cBK
999 _c3194
_d3193